A la búsqueda del Siglo XXI : nuevos caminos de desarrollo en Costa Rica.

Guardado en:
Bibliografiske detaljer
Format: Ukendt
Sprog:Spanish
Udgivet: San José, Costa Rica : Editorial de la Universidad de Costa Rica, 1996.
Fag:
Tags: Tilføj Tag
Ingen Tags, Vær først til at tagge denne postø!

MARC

LEADER 000000000a22000000004500
001 003416
020 |a 9977673845 
041 0 |a spa 
082 0 4 |a 338.972.86   |b A111a 
245 0 0 |a A la búsqueda del Siglo XXI :   |b nuevos caminos de desarrollo en Costa Rica. 
260 1 |a San José, Costa Rica :   |b Editorial de la Universidad de Costa Rica,   |c 1996. 
300 |a 239 páginas 
500 |a Informe de la misión piloto del Programa Reforma Social del Banco Interamericano de Desarrollo. Grupo de la Agenda Social. 
650 4 |a COSTA RICA 
650 4 |a POLITICA ECONOMICA 
650 4 |a DESARROLLO SOCIAL 
650 4 |a CONDICIONES SOCIALES 
999 |c 9642  |d 9642 
942 |c BK  |h 338.972.86 A111a  |2 z